Современные аналитические методы испытаний материалов

Dettagli Bibliografici
Autore principale: Ван Фуши
Riassunto:Книга на китайском языке
Lingua:cinese
Pubblicazione: Пекин, Пекинский технологический институт, 2005
Soggetti:
Natura: MixedMaterials Libro
KOHA link:https://koha.lib.tpu.ru/cgi-bin/koha/opac-detail.pl?biblionumber=674452

MARC

LEADER 00000nam0a2200000 4500
001 674452
005 20240926111321.0
010 |a 978-7-5640-0484-2 
090 |a 674452 
100 |a 20240910d2005 k||u0rusy50 ca 
101 0 |a chi 
102 |a CN 
105 |a a z 000yy 
181 0 |a i   |b  e  
182 0 |a n 
183 0 |a nc  |2 RDAcarrier 
200 1 |a Современные аналитические методы испытаний материалов  |f Ван Фуши 
203 |a Текст  |b визуальный  |c непосредственный 
210 |a Пекин  |c Пекинский технологический институт  |d 2005 
215 |a 356 с.  |c ил. 
283 |a volume  |2 RDAcarrier 
300 |a Книга на китайском языке 
606 1 |a Материалы  |x Испытание  |9 61066 
610 1 |a китайский язык 
610 1 |a дефекты 
610 1 |a аналитические методы 
610 1 |a рентгеноструктурный анализ 
610 1 |a трансмиссивная электронная микроскопия 
675 |a 620.1  |v 4 
700 0 |a Ван Фуши 
801 0 |a RU  |b 63413507  |c 20240910 
942 |c BK